000 00911nam0a22002411 4500
001 rc\1154177
005 20250622201809.0
035 _a(NLR Aleph) 006399308
090 _a5228897
_c5228897
100 _a20041129d1980 |||y0rusy50 ca
101 0 _arus
102 _aRU
105 _aa |||||||||
200 1 _aОхрана труда в приборостроении
_e[Учеб. пособие для приборостроит. и радиотехн. спец. вузов]
_fК.Н. Ткачук, А.В. Слонченко, А.Г. Степанов, Р.В. Сабарно
210 _aКиев
_cВища школа
_d1980
215 _a191 с.
_cил.
_d22
320 _aБиблиогр.: с. 188 (20 назв.)
701 1 _aТкачук
_bК.Н.
_gКонстантин Нифонтович
801 0 _aRU
_bNLR
_gpsbo
801 1 _aRU
_bELAR
_2rusmarc
852 _aNLR
_j81-5/2812
942 _cBOOK
980 _aNB